000
00215 a2200097 4500
001
29891
100
_a
Strother
245
_a
Physics with application in sciences
260
_a
_b
Houghton
_c
090
_c
19887
_d
19887
942
_a
NUST-CAE
_c
M
_c
10987
999
_c
264964
_d
264964